[Event "Gibraltar Masters 2015"]
[Site "Caleta ENG"]
[Date "2015.01.29"]
[Round "3.44"]
[White "Sutovsky, Emil"]
[Black "Havik, Victor"]
[Result "1-0"]
[WhiteTitle "GM"]
[WhiteElo "2637"]
[BlackElo "2137"]
[WhiteFideId "2802007"]
[BlackFideId "1506757"]
[EventDate "2015.01.27"]

1. e4 e5 2. Nf3 Nc6 3. Bb5 a6 4. Ba4 Nf6 5. O-O Be7 6. Re1 b5 7. Bb3 d6 8. c3
O-O 9. d4 Bg4 10. Be3 exd4 11. cxd4 d5 12. e5 Ne4 13. Nc3 Nxc3 14. bxc3 Bh5 15.
Bc2 Qd7 16. h3 Nd8 17. a4 bxa4 18. Rxa4 a5 19. c4 f6 20. cxd5 fxe5 21. dxe5 Bxf3
22. Qd3 g6 23. gxf3 Qxh3 24. d6 Bh4 25. Qc4+ 1-0

[Event "Gibraltar Masters 2015"]
[Site "Caleta ENG"]
[Date "2015.01.29"]
[Round "3.45"]
[White "Barrenechea Bahamonde, Gustavo"]
[Black "Motylev, Alexander"]
[Result "0-1"]
[BlackTitle "GM"]
[WhiteElo "2223"]
[BlackElo "2665"]
[WhiteFideId "2254425"]
[BlackFideId "4121830"]
[EventDate "2015.01.27"]

1. e4 c5 2. d4 cxd4 3. c3 dxc3 4. Nxc3 Nc6 5. Nf3 e6 6. Bc4 a6 7. O-O Nge7 8.
Bg5 h6 9. Be3 b5 10. Bb3 Bb7 11. Qe2 Na5 12. Nd5 exd5 13. exd5 Nxd5 14. Bxd5
Bxd5 15. Bb6+ Qe7 16. Qd2 Nc4 17. Qxd5 Nxb6 18. Qb7 Qd8 19. Nd4 Bc5 20. Rfe1+
Kf8 21. Nb3 Be7 22. Rad1 g6 23. Rd3 Kg7 24. Nd4 Bf6 25. Ne6+ fxe6 26. Rxe6 Qc8 0-1

[Event "Gibraltar Masters 2015"]
[Site "Caleta ENG"]
[Date "2015.01.29"]
[Round "3.46"]
[White "Galmandakh, Badrakh"]
[Black "Bartel, Mateusz"]
[Result "1/2-1/2"]
[BlackTitle "GM"]
[WhiteElo "2240"]
[BlackElo "2631"]
[WhiteFideId "4902130"]
[BlackFideId "1112635"]
[EventDate "2015.01.27"]

1. d3 b5 2. e4 Bb7 3. Nf3 g6 4. Bd2 Bg7 5. Bc3 Nf6 6. a4 a6 7. axb5 axb5 8. Rxa8
Bxa8 9. g3 c5 10. b4 cxb4 11. Bxb4 Nc6 12. Bc3 b4 13. Bb2 Qb6 14. Qe2 b3 15. c3
O-O 16. Bg2 d5 17. exd5 Nxd5 18. O-O Qa5 19. Nfd2 Rb8 20. Nc4 Qd8 21. d4 Na7 22.
Nbd2 Nb5 23. Qd3 Nbc7 24. Na5 Ne6 25. Qa6 Ndf4 26. Nc6 Bxc6 27. Qxc6 Nd3 28. Rb1
Qa5 29. Qc4 Qf5 30. f4 Nxb2 31. Rxb2 Qc2 32. Rxb3 Rd8 33. d5 Qxd2 34. dxe6 Qe3+
35. Kh1 Rd1+ 36. Bf1 fxe6 37. Kg2 Kf7 38. Rb2 Bf6 39. Re2 Qb6 40. Qb4 Qc6+ 41.
Qe4 Qd6 42. Re1 Rd2+ 43. Re2 Bxc3 44. Rxd2 Qxd2+ 45. Kh3 Qd5 46. Bd3 Bd4 47.
Qxd5 exd5 48. Kg4 Kf6 49. h4 Bf2 50. Kf3 Be1 51. h5 gxh5 52. Bxh7 e5 53. fxe5+
Kxe5 54. Bg6 Ba5 55. Kg2 h4 56. gxh4 Kf4 57. Bh7 d4 58. Kh3 Kf3 59. Bg6 Ke2 60.
Kg2 d3 61. Bxd3+ Kxd3 1/2-1/2

[Event "Gibraltar Masters 2015"]
[Site "Caleta ENG"]
[Date "2015.01.29"]
[Round "3.47"]
[White "Terron Elena, Francisco M."]
[Black "Agdestein, Simen"]
[Result "0-1"]
[WhiteTitle "FM"]
[BlackTitle "GM"]
[WhiteElo "2218"]
[BlackElo "2626"]
[WhiteFideId "2210576"]
[BlackFideId "1500015"]
[EventDate "2015.01.27"]

1. d4 Nf6 2. c4 e6 3. Nc3 Bb4 4. Nf3 d5 5. cxd5 exd5 6. Bg5 Nbd7 7. Qc2 c5 8. g3
cxd4 9. Nxd4 Qb6 10. O-O-O Bxc3 11. Qxc3 Ne4 12. Qe3 Ne5 13. Nc2 Nc4 14. Qxb6
axb6 15. Be3 Nxe3 16. Nxe3 Nxf2 17. Nxd5 O-O 18. Bg2 Rxa2 19. Kb1 Ra8 20. Nxb6
Bf5+ 21. e4 Nxe4 22. Nxa8 Nd2+ 0-1

[Event "Gibraltar Masters 2015"]
[Site "Caleta ENG"]
[Date "2015.01.29"]
[Round "3.48"]
[White "Perez Garcia, Alejandro"]
[Black "Hansen, Eric"]
[Result "0-1"]
[BlackTitle "GM"]
[WhiteElo "2207"]
[BlackElo "2574"]
[WhiteFideId "32041543"]
[BlackFideId "2606771"]
[EventDate "2015.01.27"]

1. c4 e5 2. Nc3 Nc6 3. Nf3 f5 4. d3 Nf6 5. g3 Bb4 6. Bg2 Bxc3+ 7. bxc3 O-O 8. d4
e4 9. Ne5 Ne7 10. c5 d6 11. Qb3+ Ned5 12. c4 dxe5 13. dxe5 Be6 14. exf6 Nxf6 15.
Ba3 c6 16. O-O Qe8 17. Rad1 Qf7 18. Rd4 Rfd8 19. Rfd1 Rxd4 20. Rxd4 Ng4 21. f4
h6 22. Bb2 Nf6 23. Qc3 Qe7 24. Qa5 Qf7 25. Bh3 Kh7 26. Qc3 Re8 27. Rd6 Qh5 28.
Bf1 Re7 29. h3 Ne8 30. Rd8 Qf7 31. e3 Rd7 32. Rxd7 Qxd7 33. Qe5 Nf6 34. Bd4 Qf7
35. Be2 Kg6 36. Qb8 Bxc4 37. Bxc4 Qxc4 38. Bxf6 Kxf6 39. Qe5+ Kg6 40. g4 Qc1+
41. Kh2 Qd2+ 42. Kh1 Qd7 43. Kh2 fxg4 44. Qxe4+ Qf5 45. Qe8+ Kh7 46. hxg4 Qxg4
47. Qe4+ Qg6 48. f5 Qf7 49. Qb1 h5 50. Kh3 Kh6 51. e4 Qc4 52. Qg1 Qd3+ 53. Kh2
Qe2+ 54. Kh3 Qf3+ 55. Kh2 Qf4+ 56. Kh3 Qg5 57. Qe1 Qg4+ 58. Kh2 Kg5 59. e5 Qf4+
60. Kh1 Kxf5 61. e6 Qb8 62. e7 Qe8 63. Qb1+ Kf6 64. Qxb7 g5 65. Qb2+ Kxe7 66.
Qg7+ Kd8 67. Qxg5+ Kc8 68. Qf5+ Qd7 69. Qc2 Qd4 70. a4 Kb7 71. Kh2 Qh4+ 72. Kg2
Qg4+ 73. Kh2 Ka6 74. Qd3+ Ka5 75. Qc3+ Qb4 76. Qe5 Kxa4 77. Qxh5 a5 78. Qe5 Kb5
79. Kg3 Qxc5 80. Qb8+ Ka4 81. Kf3 Qc3+ 82. Ke2 Ka3 83. Qf8+ c5 84. Kd1 a4 85.
Qf5 c4 86. Qf2 Qa1+ 0-1

[Event "Gibraltar Masters 2015"]
[Site "Caleta ENG"]
[Date "2015.01.29"]
[Round "3.49"]
[White "Sandipan, Chanda"]
[Black "Menna Barreto, Felipe Kubiaki"]
[Result "1-0"]
[WhiteTitle "GM"]
[BlackTitle "FM"]
[WhiteElo "2574"]
[BlackElo "2247"]
[WhiteFideId "5004225"]
[BlackFideId "2119757"]
[EventDate "2015.01.27"]

1. d4 Nf6 2. c4 g6 3. Nc3 Bg7 4. e4 d6 5. Be2 O-O 6. Bg5 Nc6 7. d5 Ne5 8. Qd2 c6
9. Nf3 Nxf3+ 10. Bxf3 cxd5 11. cxd5 Bd7 12. O-O Qa5 13. Rfe1 Rac8 14. e5 dxe5
15. Rxe5 e6 16. Re2 exd5 17. Bxf6 Bxf6 18. Nxd5 Bd8 19. Nf6+ 1-0

[Event "Gibraltar Masters 2015"]
[Site "Caleta ENG"]
[Date "2015.01.29"]
[Round "3.50"]
[White "Troff, Kayden W"]
[Black "Scharrer, Patrick"]
[Result "1-0"]
[WhiteTitle "GM"]
[BlackTitle "FM"]
[WhiteElo "2541"]
[BlackElo "2231"]
[WhiteFideId "2047896"]
[BlackFideId "811114"]
[EventDate "2015.01.27"]

1. d4 Nf6 2. c4 g6 3. Nc3 Bg7 4. e4 d6 5. Nf3 O-O 6. Be2 e5 7. O-O Na6 8. Be3
Ng4 9. Bg5 Qe8 10. h3 h6 11. Bc1 Nf6 12. dxe5 dxe5 13. Be3 Qe7 14. Nd5 Qd8 15.
Qc2 c6 16. Nxf6+ Qxf6 17. c5 Nc7 18. Rad1 Qe7 19. Qd2 Kh7 20. Qd6 Re8 21. Rd2
Ne6 22. Rfd1 Qxd6 23. cxd6 Bd7 24. Bc4 Nd4 25. Nxe5 Rxe5 26. Rxd4 c5 27. Rd5 f5
28. Rxe5 Bxe5 29. f4 Bxb2 30. Rb1 Bg7 31. Rxb7 Bc6 32. Rc7 Bxe4 33. Bxc5 Kh8 34.
d7 1-0

[Event "Gibraltar Masters 2015"]
[Site "Caleta ENG"]
[Date "2015.01.29"]
[Round "3.51"]
[White "Xu, Jun"]
[Black "Hommerson, Paul"]
[Result "1-0"]
[WhiteTitle "GM"]
[WhiteElo "2523"]
[BlackElo "2229"]
[WhiteFideId "8600031"]
[BlackFideId "1025325"]
[EventDate "2015.01.27"]

1. d4 d5 2. c4 dxc4 3. e4 e5 4. Nf3 exd4 5. Bxc4 Bb4+ 6. Nbd2 Nc6 7. O-O Nf6 8.
e5 Nd5 9. Nb3 Nb6 10. Bb5 Qd5 11. Bxc6+ Qxc6 12. Bd2 Be7 13. Rc1 Qg6 14. Nfxd4
Nd5 15. f4 Bb4 16. Qe1 Bf5 17. Rf3 O-O-O 18. Nxf5 Qxf5 19. Nd4 Qd7 20. e6 fxe6
21. Nxe6 Rde8 22. f5 Bd6 23. Rd3 Qb5 24. Qe4 Nf6 25. Qc4 Qxc4 26. Rxc4 Kb8 27.
Bc3 Rhg8 28. Rh4 Re7 29. g3 Rf7 30. Kg2 Ne8 31. Rxh7 Rxf5 32. Rf3 Rxf3 33. Kxf3
Bf8 34. h4 Kc8 35. h5 Kd7 36. Nxf8+ Rxf8+ 37. Kg2 Rg8 38. h6 Ke6 39. hxg7 Kf7
40. Kf3 c5 41. a4 b6 42. Rh8 Nd6 43. g4 b5 44. g5 Rxg7 45. Bxg7 Kxg7 46. Ra8
bxa4 47. Rxa7+ Nf7 48. Kf4 1-0

[Event "Gibraltar Masters 2015"]
[Site "Caleta ENG"]
[Date "2015.01.29"]
[Round "3.52"]
[White "Harika, Dronavalli"]
[Black "Urbina Perez, Juan Antonio"]
[Result "1/2-1/2"]
[WhiteTitle "GM"]
[BlackTitle "CM"]
[WhiteElo "2496"]
[BlackElo "2221"]
[WhiteFideId "5015197"]
[BlackFideId "2217368"]
[EventDate "2015.01.27"]

1. Nf3 d5 2. d4 Nf6 3. c4 c6 4. Nc3 a6 5. e3 g6 6. a4 Bg7 7. Be2 O-O 8. O-O Bg4
9. Qb3 Ra7 10. cxd5 cxd5 11. h3 Bxf3 12. Bxf3 e6 13. Bd2 Nc6 14. Rfc1 Na5 15.
Qa2 Nc4 16. Be1 Nd6 17. a5 Ra8 18. Na4 Rc8 19. Bb4 Rxc1+ 20. Rxc1 Qb8 21. Nb6
Rd8 22. Qb3 Bf8 23. Qc2 Nd7 24. Bc5 Nxb6 25. axb6 Qc8 26. e4 Nxe4 27. Bxe4 dxe4
28. Qxe4 Bg7 29. Rc3 Qd7 30. g3 Qd5 31. Qxd5 Rxd5 32. Rc4 e5 33. dxe5 Bxe5 34.
b4 Kg7 35. Be3 Kf6 36. Rc7 Bd4 37. Bxd4+ Rxd4 38. Rxb7 Rxb4 39. Rb8 a5 40. Ra8
Rxb6 1/2-1/2

[Event "Gibraltar Masters 2015"]
[Site "Caleta ENG"]
[Date "2015.01.29"]
[Round "3.53"]
[White "Janev, Pavel"]
[Black "Svane, Rasmus"]
[Result "0-1"]
[BlackTitle "IM"]
[WhiteElo "2196"]
[BlackElo "2496"]
[WhiteFideId "2910756"]
[BlackFideId "4657101"]
[EventDate "2015.01.27"]

1. e4 c6 2. d4 d5 3. Nc3 dxe4 4. Nxe4 Bf5 5. Ng3 Bg6 6. h4 h6 7. Nf3 Nd7 8. h5
Bh7 9. Bd3 Bxd3 10. Qxd3 e6 11. Bf4 Qa5+ 12. Bd2 Bb4 13. c3 Be7 14. c4 Qc7 15.
O-O-O Ngf6 16. Ne4 b5 17. Nxf6+ Nxf6 18. Kb1 bxc4 19. Qxc4 O-O 20. g4 Ne4 21.
Be3 Rab8 22. Qc2 Qa5 23. Bd2 Qa3 24. Ne5 Nxf2 25. Nxc6 Nxd1 26. Nxb8 Rxb8 27.
Rxd1 Qf3 28. Rg1 Qf2 29. Re1 Qxd4 30. Bc3 Qxg4 31. Qf2 Rd8 32. b3 Rd1+ 33. Rxd1
Qxd1+ 34. Kb2 Bg5 35. Ka3 Bc1+ 36. Kb4 Qd6+ 37. Kb5 Qd3+ 0-1

[Event "Gibraltar Masters 2015"]
[Site "Caleta ENG"]
[Date "2015.01.29"]
[Round "3.54"]
[White "Raznikov, Danny"]
[Black "Al-Tamimi, Hamad"]
[Result "1/2-1/2"]
[WhiteTitle "IM"]
[WhiteElo "2494"]
[BlackElo "2214"]
[WhiteFideId "2811154"]
[BlackFideId "12100285"]
[EventDate "2015.01.27"]

1. d4 d5 2. c4 e6 3. Nc3 Be7 4. cxd5 exd5 5. Bf4 c6 6. e3 Bf5 7. g4 Be6 8. h4
Qb6 9. Rb1 Nf6 10. g5 Ne4 11. f3 Nd6 12. Bd3 c5 13. dxc5 Qxc5 14. Nge2 Nc6 15.
a3 a5 16. Rc1 Nc4 17. Na4 Qa7 18. Nec3 Nd6 19. h5 d4 20. Ne4 Nxe4 21. Bxe4 Rd8
22. Qd3 dxe3 23. Qxe3 Qxe3+ 24. Bxe3 Bd5 25. Nc3 Bxe4 26. Nxe4 O-O 27. Ke2 f5
28. gxf6 Bxf6 29. Rc2 Be5 30. b3 Rf7 31. Rd2 Rxd2+ 32. Nxd2 Bf4 33. Rh4 Bxe3 34.
Kxe3 Rf5 1/2-1/2

[Event "Gibraltar Masters 2015"]
[Site "Caleta ENG"]
[Date "2015.01.29"]
[Round "3.55"]
[White "Shyam, Sundar M."]
[Black "Hoffmann, Hendrik"]
[Result "1-0"]
[WhiteTitle "GM"]
[BlackTitle "FM"]
[WhiteElo "2489"]
[BlackElo "2206"]
[WhiteFideId "5019141"]
[BlackFideId "4618130"]
[EventDate "2015.01.27"]

1. e4 d6 2. d4 Nf6 3. Nc3 g6 4. Bg5 Bg7 5. Qd2 O-O 6. f3 c6 7. g4 b5 8. a3 Nbd7
9. h4 a5 10. h5 e5 11. d5 b4 12. axb4 axb4 13. Rxa8 bxc3 14. bxc3 cxd5 15. hxg6
fxg6 16. Ba6 Qc7 17. Rxc8 Rxc8 18. Bxc8 Qxc8 19. Bxf6 Nxf6 20. g5 Nh5 21. Qxd5+
Kh8 22. Ne2 Nf4 23. Qxd6 Ne6 24. Kd2 Nxg5 25. Rb1 Bh6 26. Kd1 Nf7 27. Qb8 Qxb8
28. Rxb8+ Kg7 29. c4 Be3 30. Rc8 h5 31. c5 Kf6 32. c6 Nd6 33. Rd8 Nb5 34. c4 Nc7
35. Nc3 Bb6 36. Rd7 h4 37. c5 Ba5 38. Nd5+ 1-0

[Event "Gibraltar Masters 2015"]
[Site "Caleta ENG"]
[Date "2015.01.29"]
[Round "3.56"]
[White "Elishev, Ivan"]
[Black "Ducarmon, Quinten"]
[Result "0-1"]
[BlackTitle "IM"]
[WhiteElo "2153"]
[BlackElo "2488"]
[WhiteFideId "4186826"]
[BlackFideId "1025007"]
[EventDate "2015.01.27"]

1. e4 c6 2. c4 d5 3. cxd5 cxd5 4. exd5 Nf6 5. Nc3 Nxd5 6. Nf3 Nc6 7. d4 e6 8.
Bd3 Bb4 9. Bd2 Be7 10. O-O O-O 11. a3 Bf6 12. Be3 Nxc3 13. bxc3 b6 14. Qe2 Bb7
15. Rfd1 Rc8 16. Rac1 Na5 17. Nd2 Qe7 18. Ne4 Bxe4 19. Bxe4 Qxa3 20. c4 Qe7 21.
c5 Rfd8 22. Qb5 g6 23. cxb6 axb6 24. Rxc8 Rxc8 25. Qxb6 Nc4 26. Qb3 Nxe3 27.
fxe3 Kg7 28. Bf3 h5 29. Qd3 Qa7 30. Kh1 h4 31. e4 Rd8 32. d5 Be5 33. Qe2 exd5
34. exd5 Qb8 35. h3 Qd6 36. Qe4 Bf6 37. Qe1 Ra8 38. Qe4 Ra3 39. Rf1 Bd8 40. Qd4+
Kg8 41. Re1 Bf6 42. Qg4 Kg7 43. Qe4 Qg3 44. Qe2 Bc3 0-1

[Event "Gibraltar Masters 2015"]
[Site "Caleta ENG"]
[Date "2015.01.29"]
[Round "3.57"]
[White "Tari, Aryan"]
[Black "Balogun, Oluwafemi"]
[Result "1-0"]
[WhiteTitle "IM"]
[BlackTitle "CM"]
[WhiteElo "2487"]
[BlackElo "2193"]
[WhiteFideId "1510045"]
[BlackFideId "8501246"]
[EventDate "2015.01.27"]

1. c4 Nf6 2. d4 g6 3. g3 Bg7 4. Bg2 O-O 5. Nc3 c6 6. Nf3 d6 7. O-O Qa5 8. e4
Nbd7 9. h3 e5 10. Be3 exd4 11. Nxd4 Nb6 12. Nb3 Qh5 13. Qxh5 Nxh5 14. Na5 f5 15.
exf5 gxf5 16. Rad1 f4 17. gxf4 Nxf4 18. Bxf4 Rxf4 19. Rxd6 Rf5 20. Rd8+ Kf7 21.
Nb3 Bxc3 22. bxc3 Rg5 23. Rd3 Nxc4 24. Rfd1 Be6 25. Rf3+ Ke7 26. Re1 Ne5 27.
Rfe3 Kd6 1-0

[Event "Gibraltar Masters 2015"]
[Site "Caleta ENG"]
[Date "2015.01.29"]
[Round "3.58"]
[White "Smith, Axel"]
[Black "Veltkamp, Gerben"]
[Result "1-0"]
[WhiteTitle "IM"]
[WhiteElo "2483"]
[BlackElo "2175"]
[WhiteFideId "1707930"]
[BlackFideId "4631307"]
[EventDate "2015.01.27"]

1. Nf3 d5 2. c4 c6 3. e3 Nf6 4. Nc3 g6 5. d4 Bg7 6. Be2 O-O 7. O-O Nbd7 8. cxd5
Nxd5 9. e4 Nxc3 10. bxc3 c5 11. Bg5 h6 12. Be3 Qa5 13. Qd3 Rd8 14. Rfd1 cxd4 15.
cxd4 Nc5 16. Qc2 Ne6 17. Rab1 Bd7 18. Qd2 Qxd2 19. Rxd2 b6 20. Ba6 Nc7 21. Bd3
Rac8 22. Rc2 Ba4 23. Rc4 Bb5 24. Rxb5 Nxb5 25. Rxc8 Rxc8 26. Bxb5 Rc2 27. a4 e6
28. Kf1 f5 29. exf5 gxf5 30. Ke1 Kf7 31. Ne5+ Bxe5 32. dxe5 h5 33. g3 Rc8 34.
Kd2 Rh8 35. h4 Rc8 36. Kd3 Rc7 37. Bc4 Ke7 38. Kc3 Kf7 39. Kb4 Rd7 40. Kb5 Rc7
41. Be2 Kg6 42. Ka6 Rc2 43. Bb5 Rc7 44. Be8+ 1-0

[Event "Gibraltar Masters 2015"]
[Site "Caleta ENG"]
[Date "2015.01.29"]
[Round "3.59"]
[White "Krockenberger, Martin"]
[Black "Zhukova, Natalia"]
[Result "1/2-1/2"]
[WhiteTitle "FM"]
[BlackTitle "GM"]
[WhiteElo "2152"]
[BlackElo "2482"]
[WhiteFideId "4602552"]
[BlackFideId "14101513"]
[EventDate "2015.01.27"]

1. Nf3 c5 2. c4 Nc6 3. g3 g6 4. Bg2 Bg7 5. Nc3 d6 6. O-O e6 7. a3 Nge7 8. Rb1 b6
9. b4 Bb7 10. e3 O-O 11. Qb3 Rc8 12. Bb2 Qd7 13. Rfd1 e5 14. d3 h6 15. Nd5 Nxd5
16. cxd5 Ne7 17. e4 Kh7 18. bxc5 bxc5 19. Bc3 Ba6 20. Qc2 f5 21. Nd2 c4 22. dxc4
Bxc4 23. Nxc4 Rxc4 24. Qd3 Rfc8 25. Bb4 Kh8 26. h4 h5 27. exf5 Nxf5 28. Be4 Rd4
29. Bxf5 gxf5 30. Qf3 Rg4 31. Rbc1 e4 32. Qe2 Be5 33. Kf1 f4 34. Rxc8+ Qxc8 35.
gxf4 Rxh4 36. Qxe4 Rxf4 37. Qd3 Rd4 38. Qf3 Qa6+ 39. Ke1 Rg4 40. Qf8+ Kh7 41.
Qf7+ Rg7 42. Qxh5+ Kg8 43. Qe8+ 1/2-1/2

[Event "Gibraltar Masters 2015"]
[Site "Caleta ENG"]
[Date "2015.01.29"]
[Round "3.60"]
[White "Pichot, Alan"]
[Black "Zimmermann, Rene"]
[Result "1-0"]
[WhiteTitle "IM"]
[WhiteElo "2480"]
[BlackElo "2172"]
[WhiteFideId "110973"]
[BlackFideId "24624349"]
[EventDate "2015.01.27"]

1. e4 e6 2. d4 d5 3. Nd2 Nf6 4. e5 Nfd7 5. Bd3 c5 6. c3 Nc6 7. Ne2 cxd4 8. cxd4
f6 9. exf6 Nxf6 10. O-O Bd6 11. Nf3 Qc7 12. Bd2 O-O 13. Rc1 Bd7 14. Ng3 Rae8 15.
Re1 Qb6 16. Bc3 Bf4 17. Rc2 Nb4 18. Bxb4 Qxb4 19. Ne5 Bb5 20. a3 Qb3 21. Bxb5
Qxb5 22. Qd3 Qb6 23. b4 Re7 24. Qc3 Rfe8 25. Qc5 Qa6 26. Ne2 Ne4 27. Qxe7 1-0

[Event "Gibraltar Masters 2015"]
[Site "Caleta ENG"]
[Date "2015.01.29"]
[Round "3.61"]
[White "Herman, Diego"]
[Black "Das, Arghyadip"]
[Result "1/2-1/2"]
[BlackTitle "IM"]
[WhiteElo "2148"]
[BlackElo "2476"]
[WhiteFideId "104833"]
[BlackFideId "5003610"]
[EventDate "2015.01.27"]

1. e4 c5 2. Nf3 e6 3. c4 Nc6 4. Nc3 Nf6 5. d4 cxd4 6. Nxd4 Bb4 7. Nxc6 dxc6 8.
Qxd8+ Kxd8 9. Bd2 e5 10. O-O-O Bd7 11. f3 Kc8 12. Bd3 Be6 13. a3 Bd6 14. Kc2 Nd7
15. Be2 f6 16. Be3 Kc7 17. b4 a5 18. c5 Be7 19. Ra1 Ra7 20. Kb2 Rha8 21. Rhc1
axb4 22. axb4 Rxa1 23. Rxa1 Rxa1 24. Kxa1 b6 25. Na4 bxc5 26. Nxc5 Nxc5 27. Bxc5
Bxc5 28. bxc5 Bb3 29. Kb2 Be6 30. Kc3 Bf7 1/2-1/2

[Event "Gibraltar Masters 2015"]
[Site "Caleta ENG"]
[Date "2015.01.29"]
[Round "3.62"]
[White "Melia, Salome"]
[Black "Heer, Stephan"]
[Result "1-0"]
[WhiteTitle "IM"]
[WhiteElo "2473"]
[BlackElo "2157"]
[WhiteFideId "13602446"]
[BlackFideId "1302345"]
[EventDate "2015.01.27"]

1. e4 g6 2. d4 Bg7 3. Nf3 d6 4. Nc3 a6 5. Be2 b5 6. O-O Bb7 7. e5 Nd7 8. e6 fxe6
9. Ng5 Nf8 10. Bg4 b4 11. Bxe6 Nxe6 12. Nxe6 Qd7 13. Nxg7+ Kf7 14. Ne2 Kxg7 15.
Nf4 Nf6 16. Re1 e5 17. dxe5 dxe5 18. Qxd7+ Nxd7 19. Rd1 Nf6 20. Nd3 e4 21. Nc5
Bd5 22. Bf4 c6 23. Rd4 a5 24. c4 bxc3 25. bxc3 Rae8 26. c4 Bf7 27. Bg5 Ng8 28.
Nxe4 h6 29. Bd2 c5 30. Nxc5 Rc8 31. Nb7 1-0

[Event "Gibraltar Masters 2015"]
[Site "Caleta ENG"]
[Date "2015.01.29"]
[Round "3.63"]
[White "Adla, Diego"]
[Black "Schneider, German"]
[Result "1/2-1/2"]
[WhiteTitle "IM"]
[WhiteElo "2469"]
[BlackElo "2150"]
[WhiteFideId "100072"]
[BlackFideId "12975591"]
[EventDate "2015.01.27"]

1. e4 c5 2. Nf3 d6 3. Bb5+ Nd7 4. d4 cxd4 5. Qxd4 e5 6. Qd3 a6 7. Bxd7+ Bxd7 8.
O-O Nf6 9. Bg5 h6 10. Bxf6 Qxf6 11. Nc3 Rc8 12. Nd5 Qd8 13. Rfd1 Be6 14. Qb3
Bxd5 15. Rxd5 Qc7 16. c3 Be7 17. a4 b6 18. Qd1 O-O 19. Nd2 Rfd8 20. Qe2 Qb7 21.
Nc4 Rc5 22. Ne3 Bg5 23. Rxc5 bxc5 24. Nc4 d5 25. exd5 Qxd5 26. g3 e4 27. h4 Be7
28. Re1 f5 29. Ne3 Qe6 30. Qh5 g6 31. Qxh6 Bf8 32. Qg5 Be7 33. Qh6 Bf8 34. Qg5
Be7 1/2-1/2

[Event "Gibraltar Masters 2015"]
[Site "Caleta ENG"]
[Date "2015.01.29"]
[Round "3.64"]
[White "Carlsson, Pontus"]
[Black "Seyfried, Claus"]
[Result "1-0"]
[WhiteTitle "GM"]
[WhiteElo "2465"]
[BlackElo "2147"]
[WhiteFideId "1705814"]
[BlackFideId "1271085"]
[EventDate "2015.01.27"]

1. e4 c5 2. Nf3 e6 3. c3 d5 4. exd5 exd5 5. d4 Nc6 6. Bb5 Bd6 7. O-O Ne7 8. dxc5
Bxc5 9. Nbd2 O-O 10. Nb3 Bb6 11. Re1 Bg4 12. Be3 Nf5 13. Bxb6 Qxb6 14. Qxd5 Rad8
15. Qe4 Bxf3 16. Qxf5 Bd5 17. c4 Nb4 18. a4 Be4 19. Qxe4 Nd3 20. Re3 Nxb2 21. c5
Qc7 22. Qc2 1-0

[Event "Gibraltar Masters 2015"]
[Site "Caleta ENG"]
[Date "2015.01.29"]
[Round "3.65"]
[White "Burrows, Martin P"]
[Black "Docx, Stefan"]
[Result "0-1"]
[BlackTitle "IM"]
[WhiteElo "2136"]
[BlackElo "2450"]
[WhiteFideId "409057"]
[BlackFideId "200778"]
[EventDate "2015.01.27"]

1. e4 c5 2. Nf3 d6 3. d4 cxd4 4. Nxd4 Nf6 5. Nc3 a6 6. Be3 e6 7. Be2 Qc7 8. g4
b5 9. a3 Bb7 10. f3 Nfd7 11. Qd2 Nb6 12. O-O-O N8d7 13. f4 Rc8 14. Kb1 Nc4 15.
Bxc4 Qxc4 16. f5 Nf6 17. fxe6 fxe6 18. Rhe1 Be7 19. Bg5 O-O 20. Re3 Rfe8 21. Rg3
h6 22. Bxh6 Nxe4 23. Nxe4 Bxe4 24. Re3 Bh7 25. Rxe6 Bf6 26. Rxe8+ Rxe8 27. Be3
Bxd4 28. Bxd4 Re2 29. Qg5 Qxc2+ 30. Ka2 Qc7 31. Rc1 Bc2 32. Bc3 Rxh2 33. Re1 Kh7
34. Ka1 Bg6 35. Qf4 Rh3 36. Qd4 Rd3 37. Rh1+ Kg8 38. Qb4 Qc6 39. Re1 Qf3 40.
Qb3+ Kh7 41. g5 d5 42. Qc2 d4 43. Qh2+ Qh5 44. Qxh5+ Bxh5 45. Bb4 Bf7 46. Kb1
Rb3 47. Kc1 Rf3 48. Bc5 Rd3 49. Bb4 Kg6 50. Bd2 Rf3 51. Kb1 Kf5 52. Kc1 g6 53.
Kb1 Rf2 54. Kc1 Bd5 55. Kd1 Bf3+ 56. Kc2 Be4+ 57. Kd1 Ke5 58. Re2 Rf1+ 59. Re1
Rf3 60. Ke2 Rb3 61. Bc1 Kd5 62. Kf2 Rf3+ 63. Ke2 a5 64. Bd2 a4 65. Rc1 Rb3 66.
Bb4 Rxb2+ 67. Ke1 Bd3 0-1

[Event "Gibraltar Masters 2015"]
[Site "Caleta ENG"]
[Date "2015.01.29"]
[Round "3.66"]
[White "Mkrtchian, Lilit"]
[Black "Tscharotschkin, Michael"]
[Result "1-0"]
[WhiteTitle "IM"]
[WhiteElo "2449"]
[BlackElo "2144"]
[WhiteFideId "13300601"]
[BlackFideId "4619510"]
[EventDate "2015.01.27"]

1. c4 e6 2. g3 d5 3. Bg2 Nf6 4. Nf3 d4 5. e3 c5 6. O-O Nc6 7. exd4 cxd4 8. d3
Bd6 9. Bg5 h6 10. Bxf6 Qxf6 11. Nbd2 O-O 12. Ne4 Qe7 13. Nxd6 Qxd6 14. Re1 e5
15. b4 Bg4 16. c5 Qf6 17. b5 e4 18. bxc6 Bxf3 19. Bxf3 exf3 20. cxb7 Rab8 21.
Rb1 Qc6 22. Re4 Qxc5 23. Qxf3 Qd5 24. Qe2 Rxb7 25. Rxb7 Qxb7 26. Rxd4 Qb1+ 27.
Kg2 Qb7+ 28. Qe4 Qxe4+ 29. dxe4 Rc8 30. Ra4 Rc7 31. Ra6 Kf8 32. g4 Ke8 33. h4
Kd7 34. h5 Ke8 35. Kg3 Rc3+ 36. Kf4 Rc7 37. Kf5 Rc5+ 38. e5 Rc7 39. f4 Kf8 40.
Ra4 Ke7 41. Ke4 Ke6 42. f5+ Kd7 43. Kd5 Rb7 44. Ra5 Rc7 45. Ra6 Rb7 46. e6+
fxe6+ 47. fxe6+ Ke7 48. Kc6 Rb2 49. Rxa7+ Kxe6 50. Ra4 g6 51. hxg6 Kf6 52. Rf4+
Kxg6 53. a4 Kg5 54. Rc4 h5 55. gxh5 Kxh5 56. a5 Ra2 57. Rc5+ Kg6 58. Kb6 Rb2+
59. Rb5 Rf2 60. a6 Rf8 61. a7 Rf6+ 62. Kb7 Rf7+ 63. Ka6 1-0

[Event "Gibraltar Masters 2015"]
[Site "Caleta ENG"]
[Date "2015.01.29"]
[Round "3.67"]
[White "Martinez Martin, David"]
[Black "Kuhne, Detlev"]
[Result "1-0"]
[WhiteTitle "IM"]
[WhiteElo "2407"]
[BlackElo "2131"]
[WhiteFideId "2209748"]
[BlackFideId "4642872"]
[EventDate "2015.01.27"]

1. d4 Nf6 2. c4 c5 3. d5 g6 4. Nc3 Bg7 5. e4 d6 6. Nge2 O-O 7. Ng3 e6 8. Be2
exd5 9. cxd5 a6 10. a4 Nbd7 11. O-O h5 12. Bg5 Qc7 13. Qd2 Nh7 14. Bh6 h4 15.
Bxg7 Kxg7 16. Nh1 h3 17. g3 Ne5 18. f4 Ng4 19. Bxg4 Bxg4 20. f5 Qe7 21. Qf4 Qg5
22. f6+ Kg8 23. Nf2 Bc8 24. Qxd6 Nxf6 25. Nxh3 Qe3+ 26. Nf2 Nh5 27. Rae1 Qg5 28.
Nd3 a5 29. Qxc5 f5 30. Ne2 b6 31. Qc1 Qg4 32. Nf2 Qf3 33. Nd4 1-0